MANAGING THE SUPPLY CHAIN A STRATEGIC PE (Record no. 8985)

MARC details
000 -LEADER
fixed length control field 00347nam a2200133Ia 4500
008 - FIXED-LENGTH DATA ELEMENTS--GENERAL INFORMATION
fixed length control field 240624s9999 xx 000 0 und d
041 ## - LANGUAGE CODE
Language code of text/sound track or separate title eng
082 ## - DEWEY DECIMAL CLASSIFICATION NUMBER
Classification number 658.7 SIM
100 ## - MAIN ENTRY--PERSONAL NAME
Personal name GATTORNA J L
245 ## - TITLE STATEMENT
Title MANAGING THE SUPPLY CHAIN A STRATEGIC PE
260 ## - PUBLICATION, DISTRIBUTION, ETC.
Date of publication, distribution, etc. 1996
Place of publication, distribution, etc. New York
Name of publisher, distributor, etc. Palgrave
300 ## - PHYSICAL DESCRIPTION
Extent xvii, : 360 : p. : cm. ; 23
365 ## - TRADE PRICE
Currency code BPS
Price amount 40
Holdings
Withdrawn status Lost status Damaged status Not for loan Home library Current library Shelving location Date acquired Source of acquisition Cost, normal purchase price Total Checkouts Full call number Barcode Date last seen Copy number Price effective from Koha item type
        IMTN IMTN Rack 34-B 05/28/2008 AP 4.00   658.7 SIM 8985 06/24/2024 84 06/24/2024 Books
Designed & Maintained by: LRC IMT Nagpur Contact: lrc@imtnag.ac.in© 2024. All Rights Reserved.